00334nam a22001097a 450000500170000000800410001702000230005804100080008108200200008910000180010924500970012720250928145022.0250928b |||||||| |||| 00| 0 eng d a9781843104414qpbk aeng a155.937083bTUR a Turner Mary  aTalking With Children And Young People About Death And Dying : Second Editionc/Mary Turner